[Event "Bad Soden op U18"]
[Site "Bad Soden"]
[Date "2019.10.06"]
[Round "8"]
[White "Sander, Jannik"]
[Black "Pfaff, Pawel"]
[Result "1-0"]
[WhiteElo "1233"]
[BlackElo "1265"]
[PlyCount "57"]
[EventDate "2019.10.03"]
[EventType "swiss"]
[EventRounds "9"]
[EventCountry "GER"]
[SourceTitle "EXT 2020"]
[Source "ChessBase"]
[SourceDate "2019.10.17"]
[SourceVersion "1"]
[SourceVersionDate "2019.10.17"]
[SourceQuality "1"]

1. e4 e5 2. Nf3 Nc6 3. d4 exd4 4. Nxd4 Nxd4 5. Qxd4 d6 6. Nc3 Be6 7. Bc4 Bxc4 8. Qxc4 Nf6 9. Bg5 c6 10. 0-0-0 Be7 11. e5 d5 12. Qh4 Nd7 13. Bxe7 Qxe7 14. Qg3 0-0 15. Rhe1 Rfe8 16. h4 h6 17. Rd4 Nxe5 18. Re3 Qc5 19. Ne2 Qd6 20. Nf4 g6 21. Nh3 Qc5 22. Qf4 Kg7 23. Rxe5 Rxe5 24. Qxe5+ Kg8 25. Rg4 Qf8 26. h5 Re8 27. Qc3 Re6 28. Nf4 Rf6 29. Qxf6 1-0

[Event "Bad Soden op U18"]
[Site "Bad Soden"]
[Date "2019.10.04"]
[Round "2"]
[White "Jung, Natalie"]
[Black "Pfaff, Pawel"]
[Result "1/2-1/2"]
[WhiteElo "1119"]
[BlackElo "1265"]
[PlyCount "96"]
[EventDate "2019.10.03"]
[EventType "swiss"]
[EventRounds "9"]
[EventCountry "GER"]
[SourceTitle "EXT 2020"]
[Source "ChessBase"]
[SourceDate "2019.10.17"]
[SourceVersion "1"]
[SourceVersionDate "2019.10.17"]
[SourceQuality "1"]

1. d4 d5 2. c4 e6 3. e3 Nf6 4. Nf3 c5 5. dxc5 Bxc5 6. Nc3 Bb4 7. Bd2 dxc4 8. Bxc4 0-0 9. 0-0 Qc7 10. Qb3 Bxc3 11. Bxc3 Nbd7 12. Rac1 Qd8 13. Rfd1 Qe8 14. Bb4 h6 15. Bxf8 Qxf8 16. Be2 Nb6 17. Ne5 Bd7 18. Nxd7 Nbxd7 19. Qxb7 Qb8 20. Rxd7 Nxd7 21. Qxd7 Qxb2 22. Qd1 Qxa2 23. Qc2 Qa5 24. h3 Rb8 25. Qc7 Qb4 26. Qxa7 Rf8 27. Qc5 Qd2 28. Qc2 Qd8 29. Rd1 Qa5 30. Qd2 Qc7 31. Qd6 Qa5 32. g3 Qf5 33. Kg2 g5 34. g4 Qf6 35. Qd4 Qe7 36. Qe4 Qf6 37. Bd3 Qg7 38. Ra1 f5 39. Qa4 fxg4 40. hxg4 Qf6 41. Rf1 h5 42. Qd7 Rf7 43. Qe8+ Kg7 44. gxh5 Qf3+ 45. Kg1 Qg4+ 46. Kh2 Qxh5+ 47. Kg1 Qg4+ 48. Kh2 Qh4+ 1/2-1/2